Effect of addition of ensiled cassava leaves on performance of growing pigs at animal sttion of rua, (ឥទ្ធពលនៃការបន្ថែមស្លឹកដំឡូងមីផ្អាប់ទៅលើការលូតលាស់របស់ជ្រូកសាច់ នៅស្ថានីយ៍ចិញ្ចឹមសត្វ នៃសាកលវិទ្យាល័យភូមិន្ទកសិកម្ម) (Record no. 1929)

000 -LEADER
fixed length control field 00776nam a22001577a 4500
003 - CONTROL NUMBER IDENTIFIER
control field OSt
005 - DATE AND TIME OF LATEST TRANSACTION
control field 20151005142709.0
008 - FIXED-LENGTH DATA ELEMENTS--GENERAL INFORMATION
fixed length control field 151005b xxu||||| |||| 00| 0 eng d
040 ## - CATALOGING SOURCE
Transcribing agency RUA
082 ## - DEWEY DECIMAL CLASSIFICATION NUMBER
Classification number AVM
100 ## - MAIN ENTRY--PERSONAL NAME
9 (RLIN) 2044
Personal name MAO LEAKHENA
245 ## - TITLE STATEMENT
Title Effect of addition of ensiled cassava leaves on performance of growing pigs at animal sttion of rua, (ឥទ្ធពលនៃការបន្ថែមស្លឹកដំឡូងមីផ្អាប់ទៅលើការលូតលាស់របស់ជ្រូកសាច់ នៅស្ថានីយ៍ចិញ្ចឹមសត្វ នៃសាកលវិទ្យាល័យភូមិន្ទកសិកម្ម)
260 ## - PUBLICATION, DISTRIBUTION, ETC. (IMPRINT)
Place of publication, distribution, etc. phnom penh
Name of publisher, distributor, etc. RUA
Date of publication, distribution, etc. 2005
300 ## - PHYSICAL DESCRIPTION
Extent ix, 34p.
942 ## - ADDED ENTRY ELEMENTS (KOHA)
Source of classification or shelving scheme
Koha item type AVM

No items available.

មជ្ឈមណ្ឌលឯការនៃសាកលវិទ្យាល័យភូមិន្ទកសិកម្មចំការដូង

Powered by Koha